I Got No Time - Statistics

General Stats
  • This quiz has been taken 33 times
  • The average score is 115 of 302
Answer Stats
Answer % Correct
I
100%
got
91%
got
91%
I
91%
live.
91%
no
91%
no
91%
time,
91%
time
91%
to
91%
I
87%
got
83%
no
83%
time
83%
to
83%
live
78%
and
74%
and
70%
goodbye,
70%
I
70%
say
70%
and
65%
be
65%
beside
65%
can't
65%
die,
65%
friends
65%
having
65%
I
65%
I'm
65%
me
65%
me
65%
memories
65%
of
65%
they
65%
this
65%
to
65%
to
65%
used
65%
before
61%
is,
61%
know
61%
left
61%
my
61%
they
61%
I
57%
regretting
57%
who
57%
is
52%
know
52%
the
52%
this
52%
truth.
52%
and
48%
at
48%
been
48%
'Cause
48%
death
48%
I've
48%
many
48%
my
48%
so
48%
staring
48%
times.
48%
and
39%
could
39%
doors
39%
flashlight's
39%
got
39%
halls,
39%
I
39%
I
39%
I
39%
in
39%
just
39%
monsters
39%
on,
39%
roaming
39%
scary
39%
So
39%
stay
39%
the
39%
the
39%
'till
39%
wish
39%
and
35%
and
35%
bed
35%
block
35%
but
35%
chime.
35%
clock
35%
dawn,
35%
done,
35%
felt
35%
headache
35%
I
35%
I
35%
I
35%
in
35%
life's
35%
like
35%
line.
35%
my
35%
my
35%
on
35%
stay
35%
the
35%
the
35%
these
35%
this
35%
until
35%
up
35%
wasn't
35%
will
35%
won,
35%
again.
30%
alive.
30%
and
30%
and
30%
and
30%
and
30%
apologies
30%
as
30%
as
30%
awake
30%
Because
30%
But
30%
But
30%
calm,
30%
carry
30%
'cause
30%
crying
30%
every
30%
from
30%
getting
30%
gone,
30%
Got
30%
have
30%
have
30%
have
30%
I
30%
I
30%
I
30%
I
30%
I
30%
I'm
30%
I'm
30%
I'm
30%
I'm
30%
I'm
30%
I'm
30%
itself
30%
keep
30%
kill.
30%
kill
30%
left
30%
life
30%
likes
30%
listen
30%
matters
30%
me
30%
mine.
30%
mine.
30%
more
30%
much
30%
much
30%
my
30%
nightmare
30%
No
30%
no
30%
no
30%
not
30%
not
30%
of
30%
of
30%
on.
30%
one
30%
one
30%
one
30%
out
30%
people
30%
priorities
30%
repeats
30%
shine.
30%
show
30%
sick
30%
so
30%
so
30%
speak,
30%
Stay
30%
still
30%
strong,
30%
stuttering,
30%
stuttering
30%
sun
30%
take
30%
than
30%
that
30%
that
30%
the
30%
the
30%
their
30%
these
30%
they're
30%
they're
30%
this
30%
this
30%
this
30%
time.
30%
to
30%
to
30%
to
30%
to
30%
understand.
30%
until
30%
urge,
30%
urge
30%
urge
30%
what's
30%
when
30%
will
30%
will
30%
will
30%
with
30%
all
26%
and
26%
and
26%
and
26%
and
26%
awake
26%
back
26%
began.
26%
but
26%
But
26%
calm,
26%
carry
26%
dawn,
26%
done.
26%
every
26%
felt
26%
flashlight's
26%
go
26%
gone.
26%
got
26%
Got
26%
headache
26%
I
26%
I
26%
I
26%
I
26%
I'm
26%
it
26%
itself
26%
keep
26%
left
26%
life's
26%
like
26%
line.
26%
mine.
26%
my
26%
my
26%
my
26%
nightmare
26%
not
26%
not
26%
of
26%
on,
26%
on
26%
on.,
26%
out
26%
repeats
26%
shine.
26%
shriek,
26%
So
26%
so
26%
stay
26%
stay
26%
still
26%
strong,
26%
sun
26%
take
26%
the
26%
The
26%
the
26%
they're
26%
They're
26%
this
26%
'till
26%
time.
26%
to
26%
to
26%
to
26%
to
26%
until
26%
up
26%
want
26%
wasn't
26%
what's
26%
will
26%
won,
26%
where
22%
No matching quizzes found
Score Distribution
Percent of People with Each Score
Percentile by Number Answered
Your Score History
You have not taken this quiz